<?xml version="1.0" encoding="UTF-8"?>
<record
    xmlns:xsi="http://www.w3.org/2001/XMLSchema-instance"
    xsi:schemaLocation="http://www.loc.gov/MARC21/slim http://www.loc.gov/standards/marcxml/schema/MARC21slim.xsd"
    xmlns="http://www.loc.gov/MARC21/slim">

  <leader>00976nam0a22002651  4500</leader>
  <controlfield tag="001">rc\3689319</controlfield>
  <controlfield tag="005">20260406073048.0</controlfield>
  <datafield tag="021" ind1=" " ind2=" ">
    <subfield code="a">RU</subfield>
    <subfield code="b">[72-80754]</subfield>
  </datafield>
  <datafield tag="035" ind1=" " ind2=" ">
    <subfield code="a">(NLR Aleph) 007755927</subfield>
  </datafield>
  <datafield tag="090" ind1=" " ind2=" ">
    <subfield code="a">7313689</subfield>
    <subfield code="c">7313689</subfield>
  </datafield>
  <datafield tag="100" ind1=" " ind2=" ">
    <subfield code="a">20130115d1972    |||y0rusy50      ca</subfield>
  </datafield>
  <datafield tag="101" ind1="1" ind2=" ">
    <subfield code="a">rus</subfield>
    <subfield code="c">bak</subfield>
  </datafield>
  <datafield tag="102" ind1=" " ind2=" ">
    <subfield code="a">RU</subfield>
  </datafield>
  <datafield tag="105" ind1=" " ind2=" ">
    <subfield code="a">y   z   |||a|</subfield>
  </datafield>
  <datafield tag="200" ind1="1" ind2=" ">
    <subfield code="a">&#x41D;&#x435; &#x432;&#x441;&#x43F;&#x443;&#x433;&#x43D;&#x438; &#x43B;&#x435;&#x431;&#x435;&#x434;&#x435;&#x439;</subfield>
    <subfield code="e">&#x421;&#x442;&#x438;&#x445;&#x438; &#x438; &#x43F;&#x43E;&#x44D;&#x43C;&#x430; ["&#x41F;&#x43E;&#x432;&#x43E;&#x440;&#x43E;&#x442; &#x43A; &#x441;&#x447;&#x430;&#x441;&#x442;&#x44C;&#x44E;"]</subfield>
    <subfield code="e">&#x410;&#x432;&#x442;&#x43E;&#x440;&#x438;&#x437;. &#x43F;&#x435;&#x440;. &#x441; &#x431;&#x430;&#x448;&#x43A;.</subfield>
  </datafield>
  <datafield tag="210" ind1=" " ind2=" ">
    <subfield code="a">[&#x423;&#x444;&#x430;</subfield>
    <subfield code="c">&#x411;&#x430;&#x448;&#x43A;. &#x43A;&#x43D;. &#x438;&#x437;&#x434;-&#x432;&#x43E;</subfield>
    <subfield code="d">1972]</subfield>
  </datafield>
  <datafield tag="215" ind1=" " ind2=" ">
    <subfield code="a">63 &#x441;.</subfield>
    <subfield code="d">15</subfield>
  </datafield>
  <datafield tag="225" ind1="1" ind2=" ">
    <subfield code="a">[&#x411;&#x438;&#x431;&#x43B;&#x438;&#x43E;&#x442;&#x435;&#x447;&#x43A;&#x430; &#x431;&#x430;&#x448;&#x43A;&#x438;&#x440;&#x441;&#x43A;&#x43E;&#x439; &#x43F;&#x43E;&#x44D;&#x437;&#x438;&#x438;]</subfield>
  </datafield>
  <datafield tag="464" ind1=" " ind2="0">
    <subfield code="1">2001#$a&#x41F;&#x43E;&#x432;&#x43E;&#x440;&#x43E;&#x442; &#x43A; &#x441;&#x447;&#x430;&#x441;&#x442;&#x44C;&#x44E;$e&#x41F;&#x43E;&#x44D;&#x43C;&#x430;</subfield>
    <subfield code="t">&#x41F;&#x43E;&#x432;&#x43E;&#x440;&#x43E;&#x442; &#x43A; &#x441;&#x447;&#x430;&#x441;&#x442;&#x44C;&#x44E;</subfield>
  </datafield>
  <datafield tag="700" ind1=" " ind2="1">
    <subfield code="8">rus</subfield>
    <subfield code="7">ca</subfield>
    <subfield code="a">&#x41A;&#x430;&#x440;&#x438;&#x43C;&#x43E;&#x432;</subfield>
    <subfield code="b">&#x41C;. &#x41D;.</subfield>
    <subfield code="f">1930-</subfield>
    <subfield code="g">&#x41C;&#x430;&#x440;&#x430;&#x442; &#x41D;&#x430;&#x431;&#x438;&#x435;&#x432;&#x438;&#x447;</subfield>
    <subfield code="3">RU\NLR\auth-onl\77869</subfield>
    <subfield code="9">130924</subfield>
  </datafield>
  <datafield tag="801" ind1=" " ind2="0">
    <subfield code="a">RU</subfield>
    <subfield code="b">NLR</subfield>
    <subfield code="g">psbo</subfield>
  </datafield>
  <datafield tag="801" ind1=" " ind2="1">
    <subfield code="a">RU</subfield>
    <subfield code="b">ELAR</subfield>
    <subfield code="2">rusmarc</subfield>
  </datafield>
  <datafield tag="852" ind1=" " ind2=" ">
    <subfield code="a">NLR</subfield>
    <subfield code="j">72-1/368</subfield>
  </datafield>
  <datafield tag="942" ind1=" " ind2=" ">
    <subfield code="c">BOOK</subfield>
  </datafield>
  <datafield tag="980" ind1=" " ind2=" ">
    <subfield code="a">NB</subfield>
  </datafield>
  <datafield tag="995" ind1=" " ind2=" ">
    <subfield code="5">2013-10-26</subfield>
    <subfield code="b">NLR01</subfield>
    <subfield code="c">NLR01</subfield>
    <subfield code="e">RF91</subfield>
    <subfield code="f">7755927-10</subfield>
    <subfield code="k">72-1/368</subfield>
    <subfield code="o">0</subfield>
    <subfield code="r">BOOK</subfield>
    <subfield code="s">721368_</subfield>
  </datafield>
</record>
